000 00688nam a22001937a 4500
005 20251108165445.0
008 250721s1997 xx 000 0 ara d
082 1 4 _aم/216.1/بخا
100 1 _aالبخاري، علاء الدين عبد العزيز بن أحمد
245 1 0 _aكشف الأسرار عن أصول فخر الإسلام البرذوي /
264 1 _aبيروت :
_bمنشورات علي بيضون،
_c1997.
300 _a
650 1 7 _aالإسلام
650 1 7 _aالفقه الإسلامي
650 1 7 _aأصول الدين الإسلامي
700 1 _aعمر، عبد الله محمود
_eوضع حواشيه
942 _2ddc
_cREF
999 _c28387
_d28387